Statistics for Champions League 2014-15

Click here to take the quiz!

General Stats

  • This quiz has been taken 11,426 times
  • The average score is 23 of 32

Answer Stats

GroupCountryTeam% Correct
BSpainReal Madrid
99%
FSpainBarcelona
97%
CGermanyBayer Leverkusen
93%
EEnglandManchester City
93%
AItalyJuventus
92%
GEnglandChelsea
91%
FFranceParis Saint-Germain
90%
DEnglandArsenal
88%
ASpainAtlético Madrid
88%
BEnglandLiverpool
88%
DGermanyBorussia Dortmund
87%
HPortugalPorto
85%
FNetherlandsAjax
82%
CPortugalBenfica
79%
EGermanyBayern Munich
76%
EItalyRoma
75%
DTurkeyGalatasaray
72%
AGreeceOlympiacos
70%
GPortugalSporting CP
69%
CFranceMonaco
63%
BSwitzerlandBasel
62%
CRussiaZenit
62%
ASwedenMalmö FF
61%
ERussiaCSKA Moscow
60%
GGermanySchalke 04
58%
DBelgiumAnderlecht
55%
HSpainAthletic Bilbao
54%
HUkraineShakhtar Donetsk
52%
FCyprusAPOEL
46%
BBulgariaLudogorets Razgrad
34%
HBelarusBATE Borisov
30%
GSloveniaMaribor
28%

Score Distribution

Percentile by Number Answered

Percent of People with Each Score

Your Score History

You have not taken this quiz